Küldöttek Szegedről a VI. magyar békekongresszusra lelkes hangulatú békegyűlés a Móra Ferenc Művelődési otthonban
Elmentve itt :
| Dokumentumtípus: | Cikk |
|---|---|
| Megjelent: |
1963-05-21
|
| Sorozat: | Délmagyarország
53 No. 116 |
| Kulcsszavak: | Békemozgalom 1963, békegyűlések |
| Online Access: | http://dmarchiv.bibl.u-szeged.hu/72086 |
| LEADER | 00520nab a2200145 i 4500 | ||
|---|---|---|---|
| 001 | delm72086 | ||
| 005 | 20180928082424.0 | ||
| 008 | 180928s1963 hu o 0|| hun d | ||
| 040 | |a SZTE Délmagyarország Archívum |b hun | ||
| 041 | |a hun | ||
| 245 | 0 | 0 | |a Küldöttek Szegedről a VI. magyar békekongresszusra |h [elektronikus dokumentum] : |b lelkes hangulatú békegyűlés a Móra Ferenc Művelődési otthonban |
| 260 | |c 1963-05-21 | ||
| 300 | |a 3 | ||
| 490 | 0 | |a Délmagyarország |v 53 No. 116 | |
| 695 | |a Békemozgalom 1963, békegyűlések | ||